Word Ladder: Somatic Theme Quiz Stats

 Plays Quiz Updated Feb 15, 2013

Support Sporcle.
Go Orange.
Score 0/34 Timer 03:00
0 Plays Today
Hint 4-Letter Word % Correct
Ticker, duct, or masking, e.g.TAPE
96.3%
Stay in the sun too longBURN
92.7%
Rabbit relativeHARE
92.6%
'____ In The USA'BORN
91.1%
ListenHEAR
89.3%
Put in the groundBURY
86.7%
Tanker weightTARE
86.2%
▓ WRITE WITH KEYS ▓▓ TYPE ▓
85.8%
Apple centerCORE
81.4%
▓ PUT ON THE STOVE ▓▓ HEAT ▓
81.1%
▓ LIKE AN INDUSTRIOUS BEE ▓▓ BUSY ▓
80.9%
▓ PERUSE THE MALL ▓▓ SHOP ▓
79.9%
Proa, skiff, or dinghy, e.g.BOAT
78.5%
Pork or karate unitCHOP
77.5%
Hickory tree huskBARK
77.1%
Relative of Inc. or Ltd.CORP
75.3%
Pigeon penCOOP
75.3%
Hint 4-Letter Word % Correct
Loll in the warmthBASK
75.3%
ArriveCOME
75.3%
FlogBEAT
74.6%
CharSEAR
73.8%
▓ UNYIELDING ▓▓ HARD ▓
72.9%
Shakespeare, famouslyBARD
72.9%
Oracle or clairvoyantSEER
71.1%
Make street musicBUSK
69.1%
▓ DOMICILE ▓▓ HOME ▓
68.4%
Ooze inSEEP
68.1%
Famed faithful dogSHEP
64.8%
Car trunk, in LeedsBOOT
63.7%
Much needed giftBOON
60.4%
Courtney Love's bandHOLE
47.3%
Tree girthBOLE
26.7%
PortendBODE
17.5%
▓ COMMON BOND ▓▓ BODY ▓
13.2%

Today's Daily Dose

Word Ladder
ING Words

Get the Picture
Nearest Volcano

From the Vault

Rapper or World Capital?

by KDawgNow

Djbouti would be an amazing name for a rapper.
Remove Ads.
Support Sporcle.
Get the best of Sporcle when you Go Orange. This ad-free experience offers more features, more stats, and more fun while also helping to support Sporcle. Thank you for becoming a member.

Show Comments

Extras

Top Quizzes Today


Score Distribution

Your Account Isn't Verified!

In order to create a playlist on Sporcle, you need to verify the email address you used during registration. Go to your Sporcle Settings to finish the process.

Report this User

Report this user for behavior that violates our Community Guidelines.

Details: